ARRUPE JESUIT UNIVERSITY

CORONAVIRUS -STOP THE SPREAD - CLEAN,DISINFECT,COVER

Beatitude (Record no. 292)

MARC details
000 -LEADER
fixed length control field 00616nam a2200241Ia 4500
003 - CONTROL NUMBER IDENTIFIER
control field 0100
008 - FIXED-LENGTH DATA ELEMENTS--GENERAL INFORMATION
fixed length control field 130227s9999 xx 000 0 und d
040 ## - CATALOGING SOURCE
Transcribing agency ARRUPELIB
050 ## - LIBRARY OF CONGRESS CALL NUMBER
Classification number B765.T54G241
100 ## - MAIN ENTRY--PERSONAL NAME
Personal name Garrigou-Lagrange, Reginald
9 (RLIN) 37157
245 ## - TITLE STATEMENT
Title Beatitude
245 ## - TITLE STATEMENT
Remainder of title A commentary on St. Thomas' Theological Summa, Ia IIae, qq. 1-54
260 ## - PUBLICATION, DISTRIBUTION, ETC. (IMPRINT)
Place of publication, distribution, etc St. Louis
260 ## - PUBLICATION, DISTRIBUTION, ETC. (IMPRINT)
Name of publisher, distributor, etc B. Herder Book Co.
300 ## - PHYSICAL DESCRIPTION
Extent vi
300 ## - PHYSICAL DESCRIPTION
Other physical details 397p 21cm
600 ## - SUBJECT ADDED ENTRY--PERSONAL NAME
Personal name Thomas Aquinas, St. Summa theologiae
9 (RLIN) 37142
650 ## - SUBJECT ADDED ENTRY--TOPICAL TERM
Topical term following geographic name as entry element Beatitudes
9 (RLIN) 37160
700 ## - ADDED ENTRY--PERSONAL NAME
Personal name Cummins, Patrick (tr)
9 (RLIN) 37161
942 ## - ADDED ENTRY ELEMENTS (KOHA)
Source of classification or shelving scheme Library of Congress Classification
Item type Monograph ( Printed materials)
Holdings
Withdrawn status Lost status Source of classification or shelving scheme Damaged status Not for loan Collection code Home library Current library Shelving location Date acquired Total Checkouts Full call number Barcode Date last seen Copy number Price effective from Koha item type
    Library of Congress Classification     Main Collection ARRUPE LIBRARY ARRUPE LIBRARY Main Collection 27/02/2013   B765.T531 S8 G241 46400574 27/02/2013 1 27/02/2013 Monograph ( Printed materials)

 

Arrupe Library. PO Box MP320 Mt Pleasant, Harare, Zimbabwe
263 242 745411|librarian@aju.ac.zw